000 00641 a2200181 4500
005 20251006075622.0
008 251001b |||||||| |||| 00| 0 eng d
020 _a9781032805252
082 _aDC 659.2071 Sm82 2025
100 _aSmudde, Peter M.
_968280
245 _aTeaching public relations :
_bprinciples and practices for effective learning /
_cPeter M. Smudde.
250 _aRevised edition.
260 _aNew York :
_bRoutledge,
_c♭2025.
300 _axii, 187 pages :
_billustrations ;
_c23 cm.
500 _aIncludes references, appendices and index.
650 0 _aPublic relation
_vStudy and teaching.
_968284
942 _2ddc
_cDC
999 _c23927
_d23927